Online Catalogue and eLibrary

Spit and polish / (Record no. 214)

MARC details
000 -LEADER
fixed length control field 00462cam a2200181 a 4500
001 - CONTROL NUMBER
control field 3573097
005 - DATE AND TIME OF LATEST TRANSACTION
control field 20240129062831.0
008 - FIXED-LENGTH DATA ELEMENTS--GENERAL INFORMATION
fixed length control field 980903s1998 ii 000 1 eng
020 ## - INTERNATIONAL STANDARD BOOK NUMBER
ISBN 014027023X
040 ## - CATALOGING SOURCE (பட்டியலாக்க மூலம்)
Original cataloging agency DLC
Language of cataloging eng
Transcribing agency DLC
Modifying agency DLC
082 ## - DDC Classification
DDC Edition Number 22
Class No. 305.8.
Item Number - Author Mark CAR.
100 1# - MAIN ENTRY--PERSONAL NAME
Personal name Muller, Carl,
245 10 - TITLE STATEMENT
Title Spit and polish /
Statement of responsibility, etc. Carl Muller.
260 ## - PUBLICATION, DISTRIBUTION, ETC.
Place of publication, distribution, etc. New Delhi, India ;
-- New York :
Name of publisher, distributor, etc. Penguin Books,
Date of publication, distribution, etc. 1998.
300 ## - PHYSICAL DESCRIPTION
Extent (e.g. Volumes, Pages etc.) 435 p. ;
500 ## - GENERAL NOTE
General note Novel.
942 ## - Koha item type (Biblio)
Koha item type Books in Stacks (Lending)
Holdings
Lost status Damaged status Collection code Home library Current library Date acquired Full call number Accession Number Item type
    Lending WERC Library WERC Library 01/29/2024 305.8. CAR. 2635 Books in Stacks (Lending)

© WERC Library